Numerical methods in astrophysics (Record no. 16516)
[ view plain ]
| 000 -LEADER | |
|---|---|
| fixed length control field | 00826nam a2200241Ia 4500 |
| 003 - CONTROL NUMBER IDENTIFIER | |
| control field | IN-BaIIA |
| 008 - FIXED-LENGTH DATA ELEMENTS--GENERAL INFORMATION | |
| fixed length control field | 211028s9999 xx 000 0 eng d |
| 020 ## - INTERNATIONAL STANDARD BOOK NUMBER | |
| International Standard Book Number | 0-7503-0883-4 |
| 040 ## - CATALOGING SOURCE | |
| Transcribing agency | IIA Library |
| 080 ## - UNIVERSAL DECIMAL CLASSIFICATION NUMBER | |
| Universal Decimal Classification number | 52-17 |
| Item number | BOD |
| 100 ## - MAIN ENTRY--PERSONAL NAME | |
| Personal name | Bodenheimer, Peter |
| 9 (RLIN) | 30646 |
| 245 #0 - TITLE STATEMENT | |
| Title | Numerical methods in astrophysics |
| Remainder of title | an introduction |
| Statement of responsibility, etc. | Peter Bodenheimer…[et al.] |
| 260 ## - PUBLICATION, DISTRIBUTION, ETC. | |
| Place of publication, distribution, etc. | New York |
| Name of publisher, distributor, etc. | Taylor and Francis |
| Date of publication, distribution, etc. | 2007 |
| 300 ## - PHYSICAL DESCRIPTION | |
| Extent | 329p. |
| 490 ## - SERIES STATEMENT | |
| Series statement | Series in astronomy and astrophysics |
| 650 ## - SUBJECT ADDED ENTRY--TOPICAL TERM | |
| Topical term or geographic name entry element | Astrophysics - mathematics |
| 9 (RLIN) | 30647 |
| 650 ## - SUBJECT ADDED ENTRY--TOPICAL TERM | |
| Topical term or geographic name entry element | Differential equations |
| 9 (RLIN) | 1510 |
| 650 ## - SUBJECT ADDED ENTRY--TOPICAL TERM | |
| Topical term or geographic name entry element | Hydrodynamics, Radiative transfer |
| 9 (RLIN) | 30648 |
| 650 ## - SUBJECT ADDED ENTRY--TOPICAL TERM | |
| Topical term or geographic name entry element | Partial - numerical solutions |
| 9 (RLIN) | 30649 |
| 700 ## - ADDED ENTRY--PERSONAL NAME | |
| Personal name | Rozyczka, Michal |
| 9 (RLIN) | 30650 |
| 700 ## - ADDED ENTRY--PERSONAL NAME | |
| Personal name | Yorke, Horold W. |
| 9 (RLIN) | 30651 |
| 942 ## - ADDED ENTRY ELEMENTS (KOHA) | |
| Koha item type | Books |
| Withdrawn status | Lost status | Damaged status | Not for loan | Home library | Current library | Shelving location | Date acquired | Source of acquisition | Cost, normal purchase price | Total Checkouts | Full call number | Barcode | Date last seen | Cost, replacement price | Price effective from | Koha item type | Purchase Price |
|---|---|---|---|---|---|---|---|---|---|---|---|---|---|---|---|---|---|
| IIA Library-Bangalore | IIA Library-Bangalore | General Stacks | 29/06/2007 | EDS | 3203.60 | 52-17/ BOD | 17438 | 05/11/2021 | 3203.60 | 29/06/2007 | Books | Rs. 3203.60 |